Normal view
MARC view
- Accounting
Entry Topical Term
001 - CONTROL NUMBER
- control field: 3454
003 - CONTROL NUMBER IDENTIFIER
- control field: OSt
005 - DATE AND TIME OF LATEST TRANSACTION
- control field: 20200913122514.0
008 - FIXED-LENGTH DATA ELEMENTS
- fixed length control field: 200913|| aca||aabn | a|a d
040 ## - CATALOGING SOURCE
- Original cataloging agency: OSt
- Transcribing agency: OSt
150 ## - HEADING--TOPICAL TERM
- Topical term or geographic name entry element: Accounting
670 ## - SOURCE DATA FOUND
- Source citation: Work cat.: (OSt): The Institute of Chartered Accountants of Bangladesh 1601, Handbook of Bangladesh Standards on Auditing, Assurance, and Ethics Pronouncements , c2010
